Countries Most Similar To Croatia - Statistics

General Stats
  • This quiz has been taken 177 times
  • The average score is 15 of 20
Answer Stats
Rank Country Score % Correct
2 Serbia 82.8
96%
4 Bosnia and Herzegovina 81.9
94%
1 Slovenia 83.4
94%
9 Italy 78.7
89%
12 Austria 76.2
87%
5 Slovakia 81.2
86%
6 Poland 80.7
84%
18 Germany 74.8
83%
3 Montenegro 82.4
83%
8 Bulgaria 79.4
82%
10 Hungary 77.8
80%
14 North Macedonia 76
77%
11 Romania 76.9
77%
16 Spain 75.3
77%
7 Czechia 79.6
76%
15 France 75.4
74%
13 Portugal 76.1
56%
17 Latvia 75.1
52%
19 Lithuania 74.2
49%
20 Luxembourg 74.2
22%
No matching quizzes found
Score Distribution
Percent of People with Each Score
Percentile by Number Answered
Your Score History
You have not taken this quiz